| 000 | 00401nam a22001337a 4500 | ||
|---|---|---|---|
| 020 | _qHB. | ||
| 040 | _cFIZZA ISHAQ | ||
| 082 |
_a320.520 _bGRO |
||
| 100 |
_aNORQUIST,GROVER. _9132521 |
||
| 245 |
_aLEAVE US ALONE GETTING THE GOVERNMENT'S HANDS OFF OUR MONEY,OUR GUNS,OUR LIVES / _cGROVER NORQUIST. |
||
| 260 |
_aNEW YORK; _bHARPER COLLINS, _c2008. |
||
| 300 |
_a360 P. ; _c9.3X6.1IN |
||
| 942 |
_2ddc _cBK |
||
| 999 |
_c615656 _d615656 |
||